000
00298nam a22001337a 4500
008
180809b xxu||||| |||| 00| 0 eng d
041
_a
eng
080
_a
618
082
_a
618
100
_a
10
101
_a
GJIN
245
_a
Adolescent Obstetrics& Gynecology
_c
Kreutner,A.K
942
_2
udc
_c
BK
999
_c
46949
_d
46949